Dicionário Oxford Pocket para estudantes de inglês (Registo nº 1124)

Detalhes MARC
000 -Etiqueta do registo
Cabeçalho 00758nam a2200265 4500
005 - Identificador da versão
Campo de controlo 20240813121826.0
010 ## - Número internacional normalizado dos livros (ISBN)
Número (ISBN) ISBN 9780194317177
021 ## - Número do Depósito Legal
Código do país PT
100 ## - Dados gerais de processamento
Dados gerais de processamento 20100607d1999 m y0pory5003 ba
102 ## - Pais de publicação ou produção
País de publicação Portugal
101 1# - Língua de publicação
Língua do texto, banda sonora, etc. Português
Língua do documento no original Inglês
106 ## - Campo de dados codificados: material textual
Dados codificados do material textual r
105 ## - Campo de dados codificados: livros
Dados codificados dos livros a z 001yy
215 ## - Descrição física 
Indicação específica da natureza do documento e extensão da espécie 713 p.
Outras indicações físicas il
Material acompanhante inclui CD-ROM
200 1# - Titulo e menção de responsabilidade
Título próprio Dicionário Oxford Pocket para estudantes de inglês
Informação de outro título português-inglês, inglês-português
205 ## - Menção da edição
Menção da edição 1st ed
210 ## - Publicação, Distribuição, etc. 
Lugar da edição, distribuição, etc. Oxford
Nome do editor, distribuidor, etc. Oxford University Press
Data da publicação, distribuição, etc. 1999
517 ## - Outras variantes do título
Variant Title Dicionário Oxford Pocket para estudantes de inglês
606 ## - Nome comum usado como assunto
Número de registo de entrada de autoridade 0001516
Palavra de ordem Dicionários
675 ## - Classificação Decimal Universal (CDU)
Notação 811.111'373(038)
Edição BN
Língua da edição por
942 ## - Elementos de entrada adicionados (Koha)
Tipo de item no Koha Livro
Exemplares
Situação do levantamento Origin of item (home branch) (coded) Biblioteca de empréstimo Código de barras Cota Circulation type (not for loan) Tipo de documento Nota do exemplar Damaged status
  Biblioteca Escolar Eng. Nuno Mergulhão Biblioteca Escolar Eng. Nuno Mergulhão BENM2044 | 1999 811 DIC   Livro Sem mensagem  
  Biblioteca Escolar Eng. Nuno Mergulhão Biblioteca Escolar Eng. Nuno Mergulhão BENM3128 | 2010 811 DIC   Livro Sem mensagem  
  Biblioteca Escolar Eng. Nuno Mergulhão Biblioteca Escolar Eng. Nuno Mergulhão BENM3129 | 2010 811 DIC   Livro Sem mensagem  
  Biblioteca Escolar Eng. Nuno Mergulhão Biblioteca Escolar Eng. Nuno Mergulhão BENM3130 | 2010 811 DIC   Livro Sem mensagem  
  Biblioteca Escolar Eng. Nuno Mergulhão Biblioteca Escolar Eng. Nuno Mergulhão BENM3061 | 2010 811 DIC   Livro Sem mensagem  
  Biblioteca Escolar Eng. Nuno Mergulhão Biblioteca Escolar Eng. Nuno Mergulhão BENM3062 | 2010 811 DIC   Livro Sem mensagem  
  Biblioteca Escolar Eng. Nuno Mergulhão Biblioteca Escolar Eng. Nuno Mergulhão BENM3063 | 2010 811 DIC   Livro Sem mensagem  
  Biblioteca Escolar Eng. Nuno Mergulhão Biblioteca Escolar Eng. Nuno Mergulhão BENM3064 | 2010 811 DIC   Livro Sem mensagem  
  Biblioteca Escolar Eng. Nuno Mergulhão Biblioteca Escolar Eng. Nuno Mergulhão BENM3065 | 2010 811 DIC   Livro Sem mensagem